000 00334nam a22001337a 4500
008 180814b xxu||||| |||| 00| 0 eng d
020 _a0963576763
041 _aeng
080 _a616.12
100 _a7
101 _aKAR
245 _aCARDIIOVASCULAR PRINCIPLES A REGISTRY EXAM PREPARATION GUIDE
_cREYNOLDS.T
942 _2udc
_cBK
999 _c47163
_d47163